Matts by Picture - Statistics

General Stats
  • This quiz has been taken 33 times
  • The average score is 7 of 16
Answer Stats
Picture Answer % Correct
Matt Damon
93%
Matthew Perry
82%
Matthew the Apostle
82%
Matt LeBlanc
82%
Matthew McConaughey
71%
Matthew Broderick
64%
Matt Groening
46%
Matthew Stafford
39%
Matt Smith
36%
Matt Ryan
32%
Matthew Lillard
29%
Matt Gaetz
21%
Matt Stone
21%
Matt Rife
18%
Matthew Gray Gubler
11%
Matt Stonie
0%
No matching quizzes found
Score Distribution
Percent of People with Each Score
Percentile by Number Answered
Your Score History
You have not taken this quiz